000 00841nam a22002897a 4500
003 CHAP
005 20220329140756.0
008 971013s1969 r 00010 d
010 _a57411
011 _a58383
035 _a62538
040 _cCHAP
082 _a663.2
_bS6 1969
100 0 0 _aSoroa y Pineda, José María de.
_9108778
245 _aCompendio de enología
250 _a2 ed.
260 _aMadrid :
_bDossat,
_c1969
300 _a334 p.
_b: ilus.
590 _aBATCH-UPD
_b10
_c20130110
_lUCH01
_h2008
590 _aBATCH-UPD
_b10
_c20130410
_lUCH01
_h1327
590 _aBATCH-UPD
_b10
_c20130914
_lUCH01
_h2032
590 _aCONVERSION
_b10
_c20130109
_lUCH01
_h1331
650 1 4 _aVino
_xElaboración.
_9119861
901 _aBK
942 _cLIBRO
949 _a663.2 S6 1969
_bBC
_cLIBRO
_d33724000130860
_eLIBRO
_h53857
_i62538
_si
999 _c57411
_d57411